Japan as it is : a bilingual guide

Bibliographic Details
Format: Book
Language:English
Published: Tokyo : Gakken 1997
Edition:Third edition
Subjects:

MARC

LEADER 00000cam a2200000 7i4500
001 0000005396
005 20240913.0
008 000125 ja eng
020 |a 4053001870 
040 |a INS   |b eng   |e rda 
090 0 0 |a RDS806.A3   |b .J37 1997 
245 1 0 |a Japan as it is :   |b a bilingual guide 
250 |a Third edition 
264 1 |a Tokyo :   |b Gakken   |c 1997 
300 |a 368 pages ;   |c 19 cm. 
336 |a text  |2 rdacontent 
337 |a unmediated  |2 rdamedia 
338 |a volume  |2 rdacarrier 
651 0 |a Japan 
651 0 |a Japan   |x Economic conditions 
651 0 |a Japan   |x Social conditions 
999 |a 0000008178   |b BOOK   |c Red Spot   |e Default branch